000 00598nam a2200229Ia 4500
003 OSt
005 20220928114144.0
006 a|||||r|||| 00| 0
007 ta
008 220927b |||||||| |||| 00| 0 eng d
024 _a34827
037 _cTextual
040 _aSDCL
_cSDCL
_beng
041 _2eng
_aeng
082 _aX:(B), M2
100 _aKatz David A
_9437215
245 0 _aEconometric theory and applications.
260 _aNew Jersey
_bPrentice-Hall
_c1982
300 _aviii,280p
_ccm.
942 _hX:(B), M2
_cTEXL
_2CC
999 _c753185
_d753185